Sports Quiz

Random Sports or NFL Quiz
Score 0/26 Timer 10:00
0 Plays Today
Hint Answer % Correct
QB (Dallas Cowboys)Tony Romo
100%
RB (Seattle Seahawks)Marshawn Lynch
100%
WR (Green Bay Packers)Jordy Nelson
98.4%
WR (Denver Broncos)Demaryius Thomas
98.4%
OLB (Denver Broncos)Von Miller
90.5%
K (New England Patriots)Stephen Gostkowski
82.5%
S (Seattle Seahawks)Kam Chancellor
81%
DT (Tampa Bay Buccaneers)Gerald McCoy
79.4%
T (Philadelphia Eagles)Jason Peters
73%
KR/PR (Philadelphia Eagles)Darren Sproles
71.4%
ILB (Baltimore Ravens)C.J. Mosley
68.3%
DE (Arizona Cardinals)Calais Campbell
65.1%
C (Dallas Cowboys)Travis Frederick
60.3%
Hint Answer % Correct
CB (Denver Broncos)Chris Harris
60.3%
ILB (Detroit Lions)DeAndre Levy
60.3%
G (Chicago Bears)Kyle Long
58.7%
CB (Miami Dolphins)Brent Grimes
58.7%
DT (Houston Texans)J.J. Watt
55.6%
OLB (Philadelphia Eagles)Connor Barwin
54%
ILB (Pittsburgh Steelers)Lawrence Timmons
50.8%
T (Cincinnati Bengals)Andrew Whitworth
44.4%
DE (Philadelphia Eagles)Fletcher Cox
39.7%
G (Green Bay Packers)Josh Sitton
38.1%
S (Detroit Lions)Glover Quin
38.1%
P (St. Louis Rams)Johnny Hekker
38.1%
FB (Kansas City Chiefs)Anthony Sherman
25.4%
Remove Ads.
Support Sporcle.
Get the best of Sporcle when you Go Orange. This ad-free experience offers more features, more stats, and more fun while also helping to support Sporcle. Thank you for becoming a member.

You're not logged in!

Compare scores with friends on all Sporcle quizzes.
OR
Log In

Show Comments

Extras

Created Jan 16, 2015ReportNominate
Tags:NFL Quiz, NFL Player

Top Quizzes Today


Score Distribution

Your Account Isn't Verified!

In order to create a playlist on Sporcle, you need to verify the email address you used during registration. Go to your Sporcle Settings to finish the process.

Report this User

Report this user for behavior that violates our Community Guidelines.

Details: